header

Electrochemical technologies for energy storage and conversion. (Record no. 78199)

MARC details
000 -LEADER
fixed length control field 01275nam a2200313 a 4500
245 00 - TITLE STATEMENT
Title Electrochemical technologies for energy storage and conversion.
260 ## - PUBLICATION, DISTRIBUTION, ETC. (IMPRINT)
Place of publication Weinheim, Germany :
Name of publisher Wiley-VCH,
Year of publication 2012.
300 ## - PHYSICAL DESCRIPTION
Number of Pages xxiv, 791 p. :
Other physical details ill.
490 0# - SERIES STATEMENT
Series statement Electrochemical technologies for energy storage and conversion ;
650 #0 - SUBJECT ADDED ENTRY--TOPICAL TERM
Topical Term Energy storage.
Topical Term Energy conversion.
Topical Term Electrochemistry.
700 1# - ADDED ENTRY--PERSONAL NAME
Personal name Liu, Ru-Shi.
856 40 - ELECTRONIC LOCATION AND ACCESS
Uniform Resource Identifier http://site.ebrary.com/lib/rucke/Doc?id=10575560

No items available.

© 2026 Rongo University
Contact us: librarian | system librarian | Rongo university